Serbscy sportowcy - quiz obrazkowy. - Statystyki

Ogólne statystyki
  • Ten quiz został rozwiązany 21 razy
  • Średni wynik to 5 z 16
Statystyki odpowiedzi
Obrazkowy Odpowiedź % Poprawnych
Novak Djokovic
86%
Nemanja Vidic
62%
Nikola Grbic
57%
Nikola Jokic
57%
Uros Kovacevic
43%
Tijana Boskovic
38%
Dejan Stankovic
29%
Branislav Ivanovic
24%
Ivan Miljkovic
24%
Jelena Jankovic
19%
Sinisa Mihajlovic
19%
Vlade Divac
19%
Ana Ivanovic
14%
Predrag Stojakovic
14%
Maja Ognjenovic
10%
Dejan Bodiroga
5%
Nie znaleziono quizów pasujących do podanych kryteriów
Rozkład punktacji
Procent ludzi z każdym wynikiem
Percentyl według liczby udzielonych odpowiedzi
Twoja historia wyników
Nie rozwiązałeś tego quizu